[Event "GRE-chT 40th"]
[White "Anagnostopoulos, Konstantinos"]
[Black "Stamos, Filippos"]
[Site "Achaia"]
[Round "7.2"]
[Result "1-0"]
[Date "2012.07.05"]
[WhiteElo "2052"]
[BlackElo "1966"]
[PlyCount "109"]
[EventDate "2012.06.30"]
[EventType "team-swiss"]
[EventRounds "7"]
[EventCountry "GRE"]
[SourceTitle "CBM 149 Extra"]
[Source "ChessBase"]
[SourceDate "2012.08.24"]
[SourceVersion "1"]
[SourceVersionDate "2012.08.24"]
[SourceQuality "1"]
[WhiteTeam "Corinth Argonaftis REC"]
[BlackTeam "Nice Fysiolatris"]
[WhiteTeamCountry "GRE"]
[BlackTeamCountry "GRE"]

1. d4 Nf6 2. c4 e6 3. Nc3 Bb4 4. e3 0-0 5. Nge2 d5 6. a3 Be7 7. cxd5 exd5 8. g3 c6 9. Bg2 a5 10. 0-0 Bf5 11. f3 h5 12. e4 dxe4 13. fxe4 Bg4 14. Qb3 Qd7 15. Be3 a4 16. Qc2 Bh3 17. Nxa4 Bxg2 18. Kxg2 Ng4 19. Bg1 Qe6 20. Nf4 Qh6 21. h3 Nf6 22. Nc3 Nbd7 23. e5 Nh7 24. Qf5 Rad8 25. Qxh5 Qxh5 26. Nxh5 c5 27. dxc5 Nxe5 28. Rae1 f6 29. Rd1 Nc4 30. Nd5 Rde8 31. Rd4 Nxb2 32. Nxe7+ Rxe7 33. Rf2 Ra8 34. Rxb2 Rxa3 35. Nf4 Ng5 36. Rd3 Ra1 37. Bf2 Ne4 38. Rdb3 g5 39. Nd5 Rd7 40. Re2 Rxd5 41. Rxe4 Ra2 42. Rxb7 Kf8 43. Re1 Rxc5 44. Ra1 Rxa1 45. Bxc5+ Kg8 46. h4 gxh4 47. gxh4 Ra4 48. Bb4 Ra8 49. Kf3 Rc8 50. Bd6 Rc4 51. Bf4 f5 52. h5 Rc3+ 53. Be3 Rc4 54. h6 Rc8 55. h7+ 1-0